MARC details
| 000 -CABECERA |
| campo de control de longitud fija |
01390nam a2200277 i 4500 |
| 001 - NÚMERO DE CONTROL |
| campo de control |
000025291 |
| 003 - IDENTIFICADOR DEL NÚMERO DE CONTROL |
| campo de control |
DO-SdBNP |
| 005 - FECHA Y HORA DE LA ÚLTIMA TRANSACCIÓN |
| campo de control |
20250623123044.0 |
| 006 - CÓDIGOS DE INFORMACIÓN DE LONGITUD FIJA--CARACTERÍSTICAS DEL MATERIAL ADICIONAL |
| campo de control de longitud fija |
a||||gr|||| 00| 0 |
| 007 - CAMPO FIJO DE DESCRIPCIÓN FÍSICA--INFORMACIÓN GENERAL |
| campo de control de longitud fija |
ta |
| 008 - DATOS DE LONGITUD FIJA--INFORMACIÓN GENERAL |
| campo de control de longitud fija |
110214e2007 dr gr 001 0 spa d |
| 040 ## - FUENTE DE LA CATALOGACIÓN |
| Centro catalogador/agencia de origen |
DO-SdBNP |
| Lengua de catalogación |
spa |
| Centro/agencia transcriptor |
BNPHU |
| Normas de descripción |
rda |
| 082 #4 - NÚMERO DE LA CLASIFICACIÓN DECIMAL DEWEY |
| Número de edición |
22 |
| Número de documento/Ítem |
S471i |
| 110 1# - ENTRADA PRINCIPAL--NOMBRE DE ENTIDAD CORPORATIVA |
| Nombre de entidad corporativa o nombre de jurisdicción como elemento de entrada |
Seminario Internacional |
| Fecha del congreso/reunión o de la firma de un tratado |
(1: |
| Sede del congreso/Lugar de la reunión |
Santo Domingo ) |
| 9 (RLIN) |
51816 |
| 245 13 - MENCIÓN DE TÍTULO |
| Título |
El financiamiento de los partidos políticos /. |
| Mención de responsabilidad, etc. |
Presentación, Marcos Villamán. |
| 264 #1 - PRODUCCIÓN, PUBLICACIÓN, DISTRIBUCIÓN, FABRICACIÓN Y COPYRIGHT |
| Producción, publicación, distribución, fabricación y copyright |
Santo Domingo : |
| Nombre del de productor, editor, distribuidor, fabricante |
CONARE, |
| Fecha de producción, publicación, distribución, fabricación o copyright |
2007 |
| 300 ## - DESCRIPCIÓN FÍSICA |
| Extensión |
141 páginas ; |
| Dimensiones |
24 cm. |
| 336 ## - TIPO DE CONTENIDO |
| Fuente |
rdacontent |
| Término de tipo de contenido |
texto |
| Código de tipo de contenido |
txt |
| 337 ## - TIPO DE MEDIO |
| Fuente |
rdamedia |
| Nombre/término del tipo de medio |
sin mediación |
| Código del tipo de medio |
n |
| 338 ## - TIPO DE SOPORTE |
| Fuente |
rdacarrier |
| Nombre/término del tipo de soporte |
volumen |
| Código del tipo de soporte |
nc |
| 505 ## - NOTA DE CONTENIDO CON FORMATO |
| Título |
Dinero y Política en América Latina. / |
| Mención de responsabilidad |
Dr. Daniel Zovatto.-- |
| Título |
Sistema de Financiamiento de los Partidos Políticos: El caso peruano. / |
| Mención de responsabilidad |
Fernando Tuesta Soldevilla, Tatiana Mendieta Barrera.-- |
| Título |
La financiación de los Partidos Políticos en Francia y algunas naciones europeas. / |
| Mención de responsabilidad |
Alain Delmas.-- |
| Título |
Legislación vigente sobre el financiamiento partidario. / |
| Mención de responsabilidad |
Lic. Mario E. Núñez Valdez.-- |
| Título |
El financiamiento público y privado: Críticas y propuestas. / |
| Mención de responsabilidad |
Lic. José del Castillo. |
| 590 ## - NOTA LOCAL (RLIN) |
| Nota local |
Inventariado 2024 / MF |
| 650 #4 - PUNTO DE ACCESO ADICIONAL DE MATERIA--TÉRMINO DE MATERIA |
| 9 (RLIN) |
77535 |
| Término de materia o nombre geográfico como elemento de entrada |
Partidos políticos |
| Subdivisión cronológica |
|
| Subdivisión geográfica |
República Dominicana |
| 710 2# - PUNTO DE ACCESO ADICIONAL--NOMBRE DE ENTIDAD CORPORATIVA |
| Nombre de entidad corporativa o nombre de jurisdicción como elemento de entrada |
Consejo Nacional de Reforma del Estado (República Dominicana) |
| 9 (RLIN) |
10038 |
| 942 ## - ELEMENTOS DE PUNTO DE ACCESO ADICIONAL (KOHA) |
| Fuente del sistema de clasificación o colocación |
Dewey Decimal Classification |
| Tipo de ítem Koha |
Libro |